Islamské náboženstvo a ruská armáda – historické dedičstvo a súčasná situácia

Náboženstvo získava v ostatnom čase významnú rolu v spoločensko-politickom živote modernej spoločnosti. Týka sa to aj náboženského vplyvu v jej armádnych štruktúrach. Rastie počet titulov literatúry o tom, ako viera ovplyvňuje formovanie ozbrojených síl a v širšom slova zmysle aj otázky národnej a m...

Descrizione completa

Salvato in:
Dettagli Bibliografici
Autore principale: Čech, Ľubomír, 1955-
Natura: Capitolo di libro
Lingua:slovacco
Soggetti:
Tags: Aggiungi Tag
Nessun Tag, puoi essere il primo ad aggiungerne!!

MARC

LEADER 00000naa a2200000 4500
001 0313966
005 20260114103247.1
041 0 |a slo 
044 |a SK 
245 1 0 |a Islamské náboženstvo a ruská armáda – historické dedičstvo a súčasná situácia  |c Ľubomír Čech 
520 |a Náboženstvo získava v ostatnom čase významnú rolu v spoločensko-politickom živote modernej spoločnosti. Týka sa to aj náboženského vplyvu v jej armádnych štruktúrach. Rastie počet titulov literatúry o tom, ako viera ovplyvňuje formovanie ozbrojených síl a v širšom slova zmysle aj otázky národnej a medzinárodnej bezpečnosti. Cieľom článku je predstaviť problematiku pôsobenia islamu v ruskej armáde. V skrátenej historickej retrospektíve sa usilujeme ukázať, že otázka islamu v ruskej armáde je zložitým dedičstvom, ktorého dôkladné riešenie ruskú spoločnosť ešte len čaká. Použité metódy pri písaní článku tvoria kombináciu historicko-logickej metódy a metódy deskripcie pre objasnenie historických aspektov skúmanej témy. Pri zisťovaní súčasného stavu bola použitá metóda medzinárodnej politickej sociológie, ktorá ponúka agregátnu možnosť analýzy a komparácie riešenia vzťahu islamského náboženstvo a armády. 
610 2 0 |a náboženstvo 
610 2 0 |a spoločnosť 
610 2 0 |a bezpečnosť 
610 2 0 |a islam 
610 2 0 |a armáda 
610 2 0 |a história 
610 2 0 |a Rusko 
100 1 |a Čech, Ľubomír, 1955-